000 00445nam a2200145Ia 4500
008 090124s9999 xx 000 0 und d
082 _b300921
245 _a त्यागमूर्ती
250 _a1
260 _bअभ्यंकर कुसुम / कुलकर्णी सुधा
_c1982
300 _a208
630 _a त्यागमूर्ती
730 _a त्यागमूर्ती
942 _cBOOK
999 _c190475
_d190475